Southville International School and Colleges
Your cart is empty.
  • Cart
  • Lists
    Public lists Eva Luna New books Lux_list list_1
    Your lists Log in to create your own lists
  • Log in to your account
  • Your cookies
  • Search history
Southville International School and Colleges
  • Advanced search
  • Recent comments
  • Most popular
  • Libraries

Log in to your account

Log in with GOOGLE


If you do not have an external account, but do have a local account, you can still log in:

  1. Home
  2. MARC view: Interpreting and analyzing financial statements:
Normal view MARC view ISBD view

Interpreting and analyzing financial statements: (Record no. 24243)

[ view plain ]
MARC details
000 -LEADER
fixed length control field 00635nam a2200205 a 4500
005 - DATE AND TIME OF LATEST TRANSACTION
control field 20140310183514.0
008 - FIXED-LENGTH DATA ELEMENTS--GENERAL INFORMATION
fixed length control field 110110s19uu xx 00 eng d
020 ## - INTERNATIONAL STANDARD BOOK NUMBER
International Standard Book Number 978136121985
050 ## - LIBRARY OF CONGRESS CALL NUMBER
Classification number HG 4028.B2
Item number .Sch63 2010
100 ## - MAIN ENTRY--PERSONAL NAME
Personal name Schoenebeck,Karen
245 ## - TITLE STATEMENT
Title Interpreting and analyzing financial statements:
Remainder of title a project-based approach.
250 ## - EDITION STATEMENT
Edition statement 5th
260 ## - PUBLICATION, DISTRIBUTION, ETC. (IMPRINT)
Place of publication, distribution, etc Boston :
Name of publisher, distributor, etc Prentice Hall,
Date of publication, distribution, etc 2010.
300 ## - PHYSICAL DESCRIPTION
Extent 335 p. :
Other physical details ill. ;
Dimensions 28 cm.
521 ## - TARGET AUDIENCE NOTE
Target audience note
650 ## - SUBJECT ADDED ENTRY--TOPICAL TERM
Topical term or geographic name as entry element Financial statemnets-Case studies.
650 ## - SUBJECT ADDED ENTRY--TOPICAL TERM
Topical term or geographic name as entry element Assest -liability management-Case studies.
700 ## - ADDED ENTRY--PERSONAL NAME
Personal name Mark Holtzman
942 ## - ADDED ENTRY ELEMENTS (KOHA)
Koha item type Books
Source of classification or shelving scheme Library of Congress Classification
Call number prefix Foreign
Holdings
Withdrawn status Lost status Source of classification or shelving scheme Damaged status Home library Current library Shelving location Date acquired Source of acquisition Cost, normal purchase price Total Checkouts Full call number Barcode Date last seen Copy number Price effective from Koha item type
    Library of Congress Classification   College Library College Library General Circulation Section 01/10/2011 Donation 3314.00   HG 4028.B2 .Sch63 2010 C11670 05/15/2018 1 10/18/2013 Books

Interpreting and analyzing financial statements:

APA

Schoenebeck K., Mark Holtzman, . (2010). Interpreting and analyzing financial statements. Boston: Prentice Hall.

Chicago

Schoenebeck Karen, Mark Holtzman, . 2010. Interpreting and analyzing financial statements. Boston: Prentice Hall.

Harvard

Schoenebeck K., Mark Holtzman, . (2010). Interpreting and analyzing financial statements. Boston: Prentice Hall.

MLA

Schoenebeck Karen, Mark Holtzman, . Interpreting and analyzing financial statements. Boston: Prentice Hall. 2010.

  • Place hold
  • Print
  • Cite
  • Add to your cart (remove)
  • Save record
    BIBTEX Dublin Core MARCXML MARC (non-Unicode/MARC-8) MARC (Unicode/UTF-8) MARC (Unicode/UTF-8, Standard) MODS (XML) RIS
  • More searches
    Search for this title in:
    Other Libraries (WorldCat) Other Databases (Google Scholar) Online Stores (Bookfinder.com) Open Library (openlibrary.org)

Exporting to Dublin Core...

SOUTHVILLE LIBRARY

Southville International School and Colleges Library

1281 Tropical Ave. Cor. Luxembourg St., BF Homes International, Las Pinas City

Tel. No. 8256374 / 252358 Loc. 117/146

Powered by Koha